[Event "C.to Provinciale BG"]
[Site "Bergamo ITA"]
[Date "2000.09.26"]
[Round "1"]
[White "Bassis, Ivano"]
[Black "Majo, Eduardo"]
[Result "1-0"]
[WhiteElo "1639"]
[BlackElo "1477"]
[PlyCount "129"]
[EventDate "2000.09.26"]

1. Nf3 g6 2. g3 Nh6 3. Bg2 Bg7 4. O-O d5 5. d3 f5 6. Nbd2 Nf7 7. e4 fxe4 8.
dxe4 d4 9. Qe2 e5 10. Nb3 b6 11. Rd1 Ba6 12. Qe1 c5 13. h4 Qc7 14. Ng5 Nxg5 15.
Bxg5 Nc6 16. Bf1 c4 17. Nc1 h6 18. Bd2 d3 19. cxd3 Nd4 20. Rb1 Nf3+ 21. Kg2
Nxe1+ 22. Bxe1 cxd3 23. Nxd3 Bb7 24. f3 O-O 25. Rbc1 Qf7 26. Nxe5 Qxa2 27. Bc4+
Qxc4 28. Nxc4 Rad8 29. b3 Bc8 30. Bb4 Rxd1 31. Rxd1 Re8 32. Ne3 Be6 33. Nd5 Kf7
34. Nc7 Rc8 35. Nxe6 Rc2+ 36. Rd2 Rxd2+ 37. Bxd2 Kxe6 38. Kf2 Bd4+ 39. Be3 Ke5
40. Ke2 h5 41. Kd3 Bc5 42. Bxc5 bxc5 43. Kc4 Kd6 44. Kb5 a5 45. Kxa5 Kc6 46.
Ka6 c4 47. bxc4 Kc5 48. Kb7 Kxc4 49. Kc6 Kd4 50. Kd6 Ke3 51. e5 Kxf3 52. e6
Kxg3 53. e7 Kxh4 54. e8=Q g5 55. Qe7 Kg4 56. Qe4+ Kh3 57. Ke5 g4 58. Kf4 Kh2
59. Qh7 g3 60. Qxh5+ Kg2 61. Qh4 Kg1 62. Qxg3+ Kh1 63. Qg8 Kh2 64. Kf3 Kh1 65.
Qg2# 1-0

[Event "C.to Provinciale BG"]
[Site "Bergamo ITA"]
[Date "2000.09.26"]
[Round "1"]
[White "Bertoletti, Vincenzo"]
[Black "Scarpellini, Felice"]
[Result "0-1"]
[WhiteElo "1428"]
[BlackElo "1633"]
[PlyCount "92"]
[EventDate "2000.09.26"]

1. d4 Nf6 2. c4 e6 3. Nf3 d5 4. e3 Be7 5. Be2 O-O 6. O-O b6 7. b3 Bb7 8. Nc3 c5
9. Bb2 Nbd7 10. Rc1 Rc8 11. Re1 dxc4 12. bxc4 Ne4 13. Bd3 Ndf6 14. Qc2 Nxc3 15.
Bxc3 h6 16. Qe2 Ne4 17. Bxe4 Bxe4 18. Nd2 Bb7 19. a4 Bf6 20. Nb3 Qc7 21. e4
cxd4 22. Bxd4 Bxd4 23. Nxd4 Qc5 24. Qb2 Rfd8 25. Nf3 Rd3 26. Nd2 Rcd8 27. Re2
Qd6 28. Rd1 Bxe4 29. Rxe4 Rxd2 30. Rxd2 Qxd2 31. Qxd2 Rxd2 32. Kf1 Ra2 33. c5
bxc5 34. Re5 Kf8 35. g3 Ke7 36. h4 Kd6 37. Re1 Rxa4 38. f4 a5 39. Kf2 Rb4 40.
Kf3 a4 41. g4 Rb3+ 42. Ke4 a3 43. Rd1+ Ke7 44. Ra1 Rb6 45. Ke3 Rb4 46. Kd3 Rxf4
0-1

[Event "C.to Provinciale BG"]
[Site "Bergamo ITA"]
[Date "2000.09.26"]
[Round "1"]
[White "Carrara, Diego"]
[Black "Ranfagni, Stefano"]
[Result "1-0"]
[WhiteElo "1738"]
[BlackElo "1585"]
[PlyCount "63"]
[EventDate "2000.09.26"]

1. Nf3 Nf6 2. g3 g6 3. Bg2 Bg7 4. O-O O-O 5. d3 c5 6. e4 d6 7. Nc3 Nc6 8. h3 a6
9. a4 e5 10. Kh2 Be6 11. Ng1 Ne8 12. f4 Nc7 13. f5 Bd7 14. Be3 h6 15. Qd2 g5
16. Nf3 f6 17. Ne2 b5 18. axb5 axb5 19. c3 b4 20. d4 bxc3 21. bxc3 exd4 22.
cxd4 Rxa1 23. Rxa1 Qe7 24. dxc5 dxc5 25. Bxc5 Qxc5 26. Qxd7 Qb6 27. Rc1 Qe3 28.
Rxc6 Rf7 29. Qd8+ Kh7 30. Rxc7 Rxc7 31. Qxc7 Qxe2 32. Nd4 1-0

[Event "C.to Provinciale BG"]
[Site "Bergamo ITA"]
[Date "2000.09.26"]
[Round "1"]
[White "Cordano, Roberto"]
[Black "Pirola, Andrea"]
[Result "0-1"]
[WhiteElo "1600"]
[BlackElo "1909"]
[PlyCount "86"]
[EventDate "2000.09.26"]

1. f4 d5 2. e3 Nf6 3. d4 Bf5 4. Nf3 e6 5. Bd3 Ne4 6. O-O Nd7 7. c4 c6 8. a3 Be7
9. Nc3 Nxc3 10. bxc3 Bxd3 11. Qxd3 f5 12. Rb1 Qc7 13. cxd5 cxd5 14. Qb5 Rb8 15.
Ne5 a6 16. Qa4 Rd8 17. Bd2 O-O 18. Nxd7 Qxd7 19. Qxd7 Rxd7 20. a4 Rb8 21. Rb3
b5 22. Rfb1 Rdb7 23. Bc1 Bd8 24. Ba3 Bc7 25. Kf2 Kf7 26. Ke2 Ke8 27. h3 Kd7 28.
Kd3 Kc6 29. axb5+ Rxb5 30. Kc2 Rxb3 31. Rxb3 Rxb3 32. Kxb3 Kb5 33. Be7 a5 34.
Bf8 g6 35. g4 a4+ 36. Ka3 fxg4 37. hxg4 h5 38. gxh5 gxh5 39. Be7 Ba5 40. Kb2
Kc4 41. Ka3 Bxc3 42. Kxa4 Bd2 43. e4 dxe4 0-1

[Event "C.to Provinciale BG"]
[Site "Bergamo ITA"]
[Date "2000.09.26"]
[Round "1"]
[White "Del Monte, Jorge Luis"]
[Black "Biava, Pierluigi"]
[Result "1-0"]
[WhiteElo "1878"]
[BlackElo "1588"]
[PlyCount "121"]
[EventDate "2000.09.26"]

1. e4 d6 2. d4 Nf6 3. Nc3 c6 4. Nf3 g6 5. Be2 Bg7 6. O-O O-O 7. Be3 Nbd7 8. Qd2
Re8 9. h3 e5 10. dxe5 dxe5 11. Rad1 Qc7 12. a4 Nf8 13. Bc5 Nh5 14. Qe3 Nf4 15.
Bd6 Qb6 16. Bc4 Be6 17. Bc5 Qc7 18. Bxe6 Rxe6 19. g3 Nh5 20. Bxa7 Nd7 21. Qd3
Rxa7 22. Qxd7 Qb6 23. Ng5 Rf6 24. Qe8+ Bf8 25. Rd8 Qc5 26. Qxf8+ Qxf8 27. Rxf8+
Kxf8 28. Nxh7+ Ke7 29. Nxf6 Kxf6 30. Rd1 Ng7 31. b3 Ne6 32. Rd6 Ke7 33. Rd2 Nd4
34. Kg2 Ra8 35. f4 Ke6 36. Ne2 c5 37. Nc3 Rc8 38. Rf2 c4 39. b4 f5 40. fxe5
Kxe5 41. exf5 Nxf5 42. Re2+ Kd4 43. Nb5+ Kd5 44. g4 Nh4+ 45. Kg3 g5 46. Rd2+
Ke6 47. Nd4+ Ke5 48. Nf3+ Nxf3 49. Kxf3 c3 50. Rd7 b6 51. Rg7 Kf6 52. Rb7 Rc6
53. a5 bxa5 54. bxa5 Rc4 55. a6 Ra4 56. Ra7 Ke6 57. Rc7 Ra3 58. Ke4 Kd6 59. Rg7
Kc6 60. Kd4 Kb6 61. Kc4 1-0

[Event "C.to Provinciale BG"]
[Site "Bergamo ITA"]
[Date "2000.09.26"]
[Round "1"]
[White "Mansueti, Marco"]
[Black "Rota, Simone"]
[Result "0-1"]
[WhiteElo "1506"]
[BlackElo "1653"]
[PlyCount "74"]
[EventDate "2000.09.26"]

1. Nf3 d5 2. d3 Nf6 3. c3 c5 4. Nbd2 Bf5 5. Nh4 Bg4 6. h3 Bh5 7. Qb3 b6 8. g4
Bg6 9. Bg2 e6 10. g5 Nh5 11. Ndf3 Nd7 12. Qa4 Bd6 13. Nxg6 hxg6 14. e4 dxe4 15.
Qxe4 Rc8 16. Be3 Qc7 17. O-O-O Bf4 18. Bxf4 Qxf4+ 19. Qxf4 Nxf4 20. Bf1 Nd5 21.
d4 Ke7 22. h4 c4 23. Ne5 Nxe5 24. dxe5 b5 25. Rd4 Rc5 26. Bg2 a5 27. Rhd1 Rd8
28. Kc2 Rd7 29. f4 Ne3+ 30. Kc1 Nxd1 31. Rxd7+ Kxd7 32. Kxd1 b4 33. Kc2 Ke7 34.
Be4 Rc8 35. b3 cxb3+ 36. axb3 Rxc3+ 37. Kb2 Rh3 0-1

[Event "C.to Provinciale BG"]
[Site "Bergamo ITA"]
[Date "2000.09.26"]
[Round "1"]
[White "Nasoni, Paolo"]
[Black "Mangili, Riccardo"]
[Result "1-0"]
[WhiteElo "1720"]
[BlackElo "1563"]
[PlyCount "63"]
[EventDate "2000.09.26"]

1. e4 c5 2. Nf3 Nc6 3. d4 cxd4 4. Nxd4 g6 5. c4 Bg7 6. Be3 Nf6 7. Nc3 O-O 8.
Be2 d6 9. O-O a6 10. h3 Bd7 11. Qd2 Nxd4 12. Bxd4 Bc6 13. Qe3 Rc8 14. Bb6 Qd7
15. Rfe1 Rfe8 16. Rad1 Qe6 17. Bf1 Nd7 18. Nd5 Nxb6 19. Nxb6 Rcd8 20. b4 f5 21.
b5 Bd7 22. Nd5 Qxe4 23. Qb6 Qc2 24. Nxe7+ Kh8 25. Nd5 axb5 26. cxb5 Qc5 27.
Qxb7 Rxe1 28. Rxe1 Be5 29. Qc7 Qxc7 30. Nxc7 Bc3 31. Re7 Ba5 32. Nd5 1-0

[Event "C.to Provinciale BG"]
[Site "Bergamo ITA"]
[Date "2000.09.26"]
[Round "1"]
[White "Riggio, Mauro"]
[Black "Signorelli, Roberto"]
[Result "1-0"]
[WhiteElo "1651"]
[BlackElo "1500"]
[PlyCount "47"]
[EventDate "2000.09.26"]

1. e4 e6 2. d4 d5 3. Nc3 Nf6 4. Bg5 Be7 5. e5 Nfd7 6. Be3 c5 7. Qg4 g6 8. Nf3
Nc6 9. Bb5 Nb4 10. O-O-O a6 11. Bxd7+ Bxd7 12. dxc5 Rc8 13. Qxb4 b5 14. h4 a5
15. Qg4 b4 16. Nb1 Bxc5 17. Bxc5 Rxc5 18. h5 Qc7 19. Rd2 Rc4 20. Qg5 Bc8 21.
hxg6 fxg6 22. Qxg6+ Qf7 23. Qxf7+ Kxf7 24. Rd4 1-0

[Event "C.to Provinciale BG"]
[Site "Bergamo ITA"]
[Date "2000.09.26"]
[Round "1"]
[White "Stefanelli, Alfredo"]
[Black "Locatelli, Andrea"]
[Result "1-0"]
[WhiteElo "1696"]
[BlackElo "1542"]
[PlyCount "70"]
[EventDate "2000.09.26"]

1. d4 Nf6 2. Nf3 g6 3. Bf4 d5 4. e3 Bg7 5. Nbd2 Nbd7 6. Bd3 O-O 7. h3 c5 8. c3
Qb6 9. Qc2 Re8 10. O-O Nh5 11. Bh2 Qc6 12. Rac1 c4 13. Be2 f5 14. Ne5 Nxe5 15.
dxe5 Bh6 16. Bxh5 gxh5 17. Nf3 e6 18. Qd1 Re7 19. Bg3 Qe8 20. Bh4 Rc7 21. Nd4
a6 22. f4 Bf8 23. Rf3 Rg7 24. Qe1 Be7 25. Rg3 Rg6 26. Nf3 Bd7 27. Bf6 Qf8 28.
Nh4 Rxg3 29. Qxg3+ Kf7 30. Qg5 Bxf6 31. exf6 Ke8 32. Qxh5+ Qf7 33. Qg5 Kd8 34.
Nf3 Kc7 35. Ne5 Qg8 1-0

[Event "C.to Provinciale BG"]
[Site "Bergamo ITA"]
[Date "2000.09.26"]
[Round "1"]
[White "Tentori, Giulio"]
[Black "Mazzotti, Federico"]
[Result "1/2-1/2"]
[WhiteElo "1582"]
[BlackElo "1731"]
[PlyCount "44"]
[EventDate "2000.09.26"]

1. e4 c5 2. d4 cxd4 3. c3 d5 4. exd5 Nf6 5. Qxd4 Qxd5 6. Nf3 Nc6 7. Qxd5 Nxd5
8. Bd3 Bg4 9. Nd4 Nxd4 10. cxd4 Nb4 11. Bb5+ Bd7 12. Bxd7+ Kxd7 13. Na3 e5 14.
dxe5 Nd3+ 15. Ke2 Nxe5 16. Rd1+ Kc6 17. Be3 Bxa3 18. Rac1+ Kb5 19. bxa3 Rhe8
20. h3 Ka6 21. Rd4 b6 22. Rc7 Rac8 1/2-1/2

[Event "C.to Provinciale BG"]
[Site "Bergamo ITA"]
[Date "2000.10.03"]
[Round "2"]
[White "Biava, Pierluigi"]
[Black "Tentori, Giulio"]
[Result "1-0"]
[WhiteElo "1588"]
[BlackElo "1582"]
[PlyCount "29"]
[EventDate "2000.09.26"]

1. e4 e5 2. Nf3 Nf6 3. d3 Bc5 4. h3 Nc6 5. c3 d5 6. Nbd2 h6 7. b4 Bb6 8. b5 Na5
9. Nxe5 Qe7 10. d4 dxe4 11. Qe2 Bf5 12. g4 Be6 13. Bg2 Nd5 14. Nxe4 Nf4 15.
Bxf4 1-0

[Event "C.to Provinciale BG"]
[Site "Bergamo ITA"]
[Date "2000.10.03"]
[Round "2"]
[White "Cambieri, Mario"]
[Black "Carrara, Diego"]
[Result "1/2-1/2"]
[WhiteElo "1642"]
[BlackElo "1738"]
[PlyCount "40"]
[EventDate "2000.09.26"]

1. e4 c5 2. Nf3 Nc6 3. d4 cxd4 4. Nxd4 e5 5. Nb3 Nf6 6. Nc3 Bb4 7. Bd3 d5 8.
exd5 Nxd5 9. Bd2 Nxc3 10. bxc3 Be7 11. O-O O-O 12. f4 exf4 13. Bxf4 Bf6 14. Qf3
Be6 15. Be4 Qb6+ 16. Be3 Qc7 17. Nc5 Ne5 18. Qg3 Qe7 19. Rxf6 Qxf6 20. Bg5 Nf3+
1/2-1/2

[Event "C.to Provinciale BG"]
[Site "Bergamo ITA"]
[Date "2000.10.03"]
[Round "2"]
[White "Elitropi, Giorgio"]
[Black "Bassis, Ivano"]
[Result "1/2-1/2"]
[WhiteElo "1764"]
[BlackElo "1639"]
[PlyCount "37"]
[EventDate "2000.09.26"]

1. e4 d5 2. exd5 Qxd5 3. Nc3 Qa5 4. d4 Nf6 5. Nf3 Bf5 6. Bc4 e6 7. Bd2 c6 8.
Qe2 Bb4 9. O-O-O Nbd7 10. Kb1 O-O-O 11. a3 Bxc3 12. Bxc3 Qc7 13. Ne5 Nxe5 14.
dxe5 Ne4 15. Qe3 Nxc3+ 16. Qxc3 Qb6 17. f3 Rxd1+ 18. Rxd1 Rd8 19. Rxd8+ 1/2-1/2

[Event "C.to Provinciale BG"]
[Site "Bergamo ITA"]
[Date "2000.10.03"]
[Round "2"]
[White "Elsido, Massimo"]
[Black "Stefanelli, Alfredo"]
[Result "0-1"]
[WhiteElo "1603"]
[BlackElo "1696"]
[PlyCount "70"]
[EventDate "2000.09.26"]

1. e4 c5 2. c3 d5 3. Bb5+ Bd7 4. Bxd7+ Qxd7 5. e5 Nc6 6. d4 cxd4 7. cxd4 e6 8.
Nf3 Bb4+ 9. Bd2 Rc8 10. O-O Nge7 11. Bxb4 Nxb4 12. Nc3 O-O 13. Rc1 a6 14. a3
Nbc6 15. h4 Na5 16. h5 Nf5 17. g4 Nh6 18. g5 Nf5 19. g6 fxg6 20. hxg6 h6 21.
Ne2 Nc4 22. Ng3 Nxg3 23. fxg3 Ne3 24. Qe2 Nxf1 25. Rxf1 Rf5 26. g4 Rf4 27. Qg2
Rcf8 28. g5 h5 29. Qh3 h4 30. Nh2 Rxf1+ 31. Nxf1 Qe8 32. Qxh4 Qxg6 33. Ng3 Qb1+
34. Kh2 Rf2+ 35. Kh3 Qg1 0-1

[Event "C.to Provinciale BG"]
[Site "Bergamo ITA"]
[Date "2000.10.03"]
[Round "2"]
[White "Locatelli, Andrea"]
[Black "Cattaneo, Dario"]
[Result "1-0"]
[WhiteElo "1542"]
[BlackElo "1420"]
[PlyCount "83"]
[EventDate "2000.09.26"]

1. e4 e6 2. d4 b6 3. Nf3 Bb7 4. Bd3 Nf6 5. Qe2 d6 6. O-O Be7 7. Nc3 O-O 8. Rd1
Re8 9. Bg5 a5 10. Bxf6 Bxf6 11. e5 Be7 12. Ne4 Nd7 13. c3 Nf8 14. exd6 Bxd6 15.
Ne5 Qe7 16. Bb5 Bxe5 17. dxe5 Red8 18. Qe3 Rd5 19. Rxd5 Bxd5 20. Rd1 Rd8 21.
Qd4 c5 22. Qd2 Ng6 23. c4 Nxe5 24. cxd5 Rxd5 25. Qe2 Rxd1+ 26. Qxd1 f6 27. Qd6
Qxd6 28. Nxd6 Kf8 29. Nc8 Nf7 30. Nxb6 Nd6 31. Bd3 g6 32. Nd7+ Ke7 33. Nxc5 e5
34. Nb3 e4 35. Ba6 a4 36. Nc5 a3 37. bxa3 f5 38. a4 Kd8 39. Nb7+ Nxb7 40. Bxb7
Kc7 41. Bd5 Kb6 42. Bg8 1-0

[Event "C.to Provinciale BG"]
[Site "Bergamo ITA"]
[Date "2000.10.03"]
[Round "2"]
[White "Majo, Eduardo"]
[Black "Fiorona, Gianpietro"]
[Result "1-0"]
[WhiteElo "1477"]
[BlackElo "1585"]
[PlyCount "111"]
[EventDate "2000.09.26"]

1. f4 d5 2. Nf3 Nc6 3. e3 Bg4 4. Be2 Nf6 5. O-O e6 6. b3 Bd6 7. Bb2 Qe7 8. Bb5
a6 9. Bxc6+ bxc6 10. Qe1 a5 11. Nd4 c5 12. Nb5 c6 13. Nxd6+ Qxd6 14. Qh4 Be2
15. Re1 Ba6 16. Bxf6 gxf6 17. Qxf6 Rg8 18. d3 Qf8 19. Nd2 Rg6 20. Qe5 Qg7 21.
Qxg7 Rxg7 22. e4 d4 23. a4 Kd7 24. Re2 f6 25. Rf1 Rag8 26. Rf3 Kc7 27. Rh3 Kd7
28. Rh5 Kd6 29. e5+ fxe5 30. Rhxe5 Bc8 31. Ne4+ Kc7 32. Nxc5 Kb6 33. Ne4 Rf8
34. g3 Rxf4 35. Nd6 Bd7 36. Nc4+ Kc7 37. Rxa5 Rf6 38. Rae5 Rgf7 39. Nd2 Kb6 40.
a5+ Ka6 41. Ne4 Rf1+ 42. Kg2 Ra1 43. Nc5+ Ka7 44. Nxd7 Rxd7 45. Rxe6 Rxa5 46.
Rxc6 Ra2 47. Re4 Kb7 48. Rc4 Rb2 49. h4 h5 50. Re5 Rb1 51. Rxh5 Re7 52. Rg5
Re2+ 53. Kh3 Rh1+ 54. Kg4 Reh2 55. b4 Rc1 56. Rcc5 1-0

[Event "C.to Provinciale BG"]
[Site "Bergamo ITA"]
[Date "2000.10.03"]
[Round "2"]
[White "Mangili, Riccardo"]
[Black "Bertoletti, Vincenzo"]
[Result "1-0"]
[WhiteElo "1563"]
[BlackElo "1428"]
[PlyCount "87"]
[EventDate "2000.09.26"]

1. e4 e6 2. d4 g6 3. c4 Bg7 4. Nf3 Ne7 5. Nc3 O-O 6. Be2 d6 7. O-O c6 8. Bg5
Nd7 9. Qd2 Re8 10. Rad1 Qc7 11. Bh6 Bh8 12. h4 e5 13. dxe5 dxe5 14. h5 Nf6 15.
hxg6 hxg6 16. c5 Ng4 17. Bc4 b6 18. Qg5 Nxh6 19. Qxh6 Bg7 20. cxb6 axb6 21. Qg5
Ba6 22. Bxa6 Rxa6 23. Rd3 f6 24. Qd2 Ra7 25. Rd1 Kf7 26. Qc2 Qc8 27. Qb3+ Kf8
28. Nxe5 fxe5 29. Rf3+ Nf5 30. exf5 gxf5 31. Qxb6 Rae7 32. Ne4 Qe6 33. a4 Qc4
34. Nd6 Qg4 35. Nxe8 e4 36. Nf6 Bxf6 37. Rd8+ Kf7 38. Rg3 Qf4 39. Qb3+ Re6 40.
Rd7+ Be7 41. a5 Kf6 42. Rg6+ Kxg6 43. Qxe6+ Bf6 44. Qg8+ 1-0

[Event "C.to Provinciale BG"]
[Site "Bergamo ITA"]
[Date "2000.10.03"]
[Round "2"]
[White "Pirola, Andrea"]
[Black "Riggio, Mauro"]
[Result "1-0"]
[WhiteElo "1909"]
[BlackElo "1651"]
[PlyCount "45"]
[EventDate "2000.09.26"]

1. d4 f5 2. Nf3 Nf6 3. Bg5 d6 4. Bxf6 gxf6 5. d5 c5 6. e3 Qb6 7. b3 e5 8. dxe6
Bxe6 9. Nc3 Nd7 10. a4 Qb4 11. Qd2 Ne5 12. a5 Nxf3+ 13. gxf3 Qh4 14. f4 O-O-O
15. a6 b6 16. Bg2 Qh5 17. Nd5 Qg6 18. Rg1 Qf7 19. Nxb6+ Kb8 20. Nd5 Rg8 21. Qa5
Bh6 22. Qb5+ Kc8 23. Qc6+ 1-0

[Event "C.to Provinciale BG"]
[Site "Bergamo ITA"]
[Date "2000.10.03"]
[Round "2"]
[White "Ranfagni, Stefano"]
[Black "Molteni, Costantino"]
[Result "0-1"]
[WhiteElo "1585"]
[BlackElo "1498"]
[PlyCount "150"]
[EventDate "2000.09.26"]

1. e4 Nf6 2. e5 Nd5 3. c4 Nb6 4. d4 d6 5. f4 dxe5 6. fxe5 Bf5 7. Nc3 e6 8. Nf3
Nc6 9. a3 Bg4 10. Be3 Be7 11. c5 Nd5 12. Nxd5 Qxd5 13. Be2 Rd8 14. O-O O-O 15.
h3 Bf5 16. b4 Qe4 17. Bf2 Qc2 18. Qxc2 Bxc2 19. Rfc1 Be4 20. Rd1 Rd7 21. Bb5 a6
22. Bxc6 Bxc6 23. Ra2 Rfd8 24. Be3 Bxf3 25. gxf3 c6 26. Kh2 h5 27. Rg2 g6 28.
a4 Bf8 29. Rb2 Bg7 30. f4 Kf8 31. b5 axb5 32. axb5 Ra8 33. bxc6 bxc6 34. Rdb1
Ra3 35. Bf2 Bh6 36. Rb8+ Kg7 37. Rc8 Bxf4+ 38. Kg2 Be3 39. Bxe3 Rxe3 40. Rxc6
Rxd4 41. Rd6 Rc4 42. c6 Rc2+ 43. Kg1 Rg3+ 44. Kf1 Rxh3 45. Kg1 Re3 46. Rf1 Rxe5
47. Rd7 Rg5+ 48. Kh1 Rf5 49. Rxf5 exf5 50. c7 f4 51. Kg1 f3 52. Kf1 h4 53. Rd3
Rxc7 54. Rxf3 Rc2 55. Kg1 g5 56. Kh1 Kg6 57. Rd3 f5 58. Rd6+ Kh5 59. Rd8 Kg4
60. Rd4+ f4 61. Rd1 f3 62. Kg1 Rg2+ 63. Kh1 Kg3 64. Rd3 Rh2+ 65. Kg1 h3 66.
Rxf3+ Kxf3 67. Kxh2 g4 68. Kg1 g3 69. Kh1 Kg4 70. Kg1 g2 71. Kh2 Kf3 72. Kg1
Ke2 73. Kh2 Kf1 74. Kxh3 g1=Q 75. Kh4 Qg6 0-1

[Event "C.to Provinciale BG"]
[Site "Bergamo ITA"]
[Date "2000.10.03"]
[Round "2"]
[White "Rizzuti, Pasquale"]
[Black "Longo, Pietro"]
[Result "1-0"]
[WhiteElo "1708"]
[BlackElo "1630"]
[PlyCount "75"]
[EventDate "2000.09.26"]

1. e4 c5 2. Nf3 d6 3. d4 cxd4 4. Nxd4 Nf6 5. f3 e5 6. Nb3 a6 7. Be3 d5 8. N1d2
d4 9. Bf2 b5 10. a4 b4 11. Bc4 Qc7 12. O-O Be7 13. Qe2 O-O 14. Rfc1 Nh5 15. g3
Nf6 16. c3 bxc3 17. bxc3 d3 18. Qxd3 Rd8 19. Bd5 Nxd5 20. exd5 f5 21. c4 Nc6
22. a5 Nb4 23. Qc3 Qd7 24. Bb6 Bb7 25. Bxd8 Rxd8 26. Re1 Rc8 27. Qxe5 Bf6 28.
Qe6+ Qxe6 29. Rxe6 Bxa1 30. Rb6 Bc3 31. Rxb7 Re8 32. d6 Nc6 33. Rc7 Nxa5 34. d7
Rd8 35. Rc8 Nb7 36. c5 Bf6 37. Nc4 Kf7 38. c6 1-0

[Event "C.to Provinciale BG"]
[Site "Bergamo ITA"]
[Date "2000.10.03"]
[Round "2"]
[White "Rosti, Mario"]
[Black "Asperti, Fabio"]
[Result "1-0"]
[WhiteElo "1425"]
[BlackElo "1546"]
[PlyCount "71"]
[EventDate "2000.09.26"]

1. e4 g6 2. d4 d6 3. h3 Bg7 4. Nf3 Nf6 5. Bd3 O-O 6. Nc3 Nbd7 7. Be3 a6 8. Qd2
b5 9. a3 Bb7 10. O-O-O c5 11. dxc5 Nxc5 12. Bxc5 dxc5 13. Qe1 Qc7 14. g3 e6 15.
Qe3 Nd7 16. Rhe1 Bxc3 17. bxc3 Qa5 18. Kb2 Nb6 19. Qh6 f6 20. e5 Na4+ 21. Kc1
Rf7 22. Bxg6 hxg6 23. Qxg6+ Rg7 24. Qxf6 Bd5 25. Ng5 Nxc3 26. Rxd5 Qxa3+ 27.
Kd2 Nxd5 28. Qxe6+ Kh8 29. Qh6+ Kg8 30. Qe6+ Kf8 31. Qxd5 Qa5+ 32. Ke2 Rxg5 33.
Qxa8+ Kf7 34. Qb7+ Ke8 35. Qc6+ Kd8 36. Qf6+ 1-0

[Event "C.to Provinciale BG"]
[Site "Bergamo ITA"]
[Date "2000.10.03"]
[Round "2"]
[White "Rota, Simone"]
[Black "Del Monte, Jorge Luis"]
[Result "0-1"]
[WhiteElo "1653"]
[BlackElo "1878"]
[PlyCount "55"]
[EventDate "2000.09.26"]

1. d4 Nf6 2. Nf3 g6 3. Bg5 Bg7 4. Nbd2 d6 5. e4 O-O 6. Bd3 c5 7. c3 cxd4 8.
Nxd4 Qa5 9. Bh4 Bg4 10. f3 Bd7 11. O-O Nc6 12. N4b3 Qh5 13. Bg3 b5 14. Nd4 Rab8
15. Nxc6 Bxc6 16. Rb1 Nd7 17. Nb3 b4 18. Nd4 bxc3 19. bxc3 Rxb1 20. Qxb1 Ba8
21. Qb4 Rc8 22. Be2 Qc5 23. Qxc5 Rxc5 24. Be1 Nb6 25. Bd1 d5 26. exd5 Nxd5 27.
Kh1 Ne3 28. Nb3 0-1

[Event "C.to Provinciale BG"]
[Site "Bergamo ITA"]
[Date "2000.10.03"]
[Round "2"]
[White "Scarpellini, Felice"]
[Black "Nasoni, Paolo"]
[Result "1/2-1/2"]
[WhiteElo "1633"]
[BlackElo "1720"]
[PlyCount "61"]
[EventDate "2000.09.26"]

1. c4 Nf6 2. Nc3 e5 3. g3 d6 4. Bg2 Be7 5. Nf3 O-O 6. O-O Nbd7 7. d4 h6 8. e4
Re8 9. d5 Bf8 10. Nh4 g5 11. Nf5 Nc5 12. Ne3 a5 13. Qc2 Qe7 14. Bd2 Bg7 15. a3
a4 16. Rad1 Bd7 17. Nb5 Bc8 18. Bb4 Nb3 19. Rd3 b6 20. Nd1 Ba6 21. Ndc3 Bxb5
22. Nxb5 Qd8 23. Qe2 Nd7 24. Qg4 Nf6 25. Qf5 Rc8 26. Na7 Ra8 27. Nb5 Rc8 28.
Na7 Ra8 29. Nb5 Rc8 30. Na7 Ra8 31. Nb5 1/2-1/2

[Event "C.to Provinciale BG"]
[Site "Bergamo ITA"]
[Date "2000.10.03"]
[Round "2"]
[White "Signorelli, Roberto"]
[Black "Cordano, Roberto"]
[Result "0-1"]
[WhiteElo "1500"]
[BlackElo "1600"]
[PlyCount "58"]
[EventDate "2000.09.26"]

1. e4 c5 2. c3 d5 3. exd5 Qxd5 4. Nf3 Nc6 5. Bb5 Bg4 6. d4 O-O-O 7. Bxc6 Qxc6
8. Be3 Nf6 9. Nbd2 e5 10. Qc2 cxd4 11. O-O-O dxe3 12. fxe3 Bxf3 13. Nxf3 Rxd1+
14. Rxd1 Bc5 15. Nxe5 Bxe3+ 16. Kb1 Qe6 17. Nf3 Bb6 18. Ng5 Qe7 19. Qb3 Rf8 20.
a4 h6 21. Nf3 Rd8 22. Re1 Ne4 23. Qc4+ Kb8 24. Rxe4 Qd7 25. Qe2 f5 26. Rc4 Re8
27. Qc2 Qd5 28. Rf4 g6 29. Nd4 Re1+ 0-1

[Event "C.to Provinciale BG"]
[Site "Bergamo ITA"]
[Date "2000.10.10"]
[Round "3"]
[White "Bassis, Ivano"]
[Black "Mazzotti, Federico"]
[Result "1-0"]
[WhiteElo "1639"]
[BlackElo "1731"]
[PlyCount "53"]
[EventDate "2000.09.26"]

1. e4 Nf6 2. d3 d5 3. Nd2 dxe4 4. dxe4 e5 5. Ngf3 Bg4 6. Bc4 Bxf3 7. Qxf3 Be7
8. O-O O-O 9. Rd1 Qd4 10. Bd3 Nc6 11. c3 Qd7 12. Be2 Rad8 13. Nf1 Qc8 14. Be3
Rxd1 15. Rxd1 Rd8 16. Ng3 Rxd1+ 17. Bxd1 Qd8 18. Nf5 Nxe4 19. Nxe7+ Nxe7 20.
Bb3 Nf6 21. Qxb7 a5 22. Ba7 g6 23. Qb8 Qe8 24. Qxc7 a4 25. Bc4 Ned5 26. Qb8 Kf8
27. Bc5+ 1-0

[Event "C.to Provinciale BG"]
[Site "Bergamo ITA"]
[Date "2000.10.10"]
[Round "3"]
[White "Bertoletti, Vincenzo"]
[Black "Signorelli, Roberto"]
[Result "0-1"]
[WhiteElo "1428"]
[BlackElo "1500"]
[PlyCount "59"]
[EventDate "2000.09.26"]

1. d4 e6 2. Nf3 d5 3. e3 Nf6 4. Bd3 c5 5. c4 Nc6 6. cxd5 Nxd5 7. Bb5 Qa5+ 8.
Nc3 Nxc3 9. Bxc6+ bxc6 10. bxc3 Ba6 11. Bd2 Qc7 12. Qc2 Rb8 13. a3 Be7 14. c4
cxd4 15. exd4 c5 16. dxc5 O-O 17. O-O Qxc5 18. Rac1 Qh5 19. Bb4 Rfe8 20. Bxe7
Rxe7 21. Qc3 Rc7 22. Rb1 Rbc8 23. Ne5 f6 24. Qa5 Bb7 25. Rxb7 Rxb7 26. Qa6 Rbc7
27. Qxe6+ Kh8 28. Nf3 Qc5 29. Nh4 Qxc4 30. Ng6+ {...} 0-1

[Event "C.to Provinciale BG"]
[Site "Bergamo ITA"]
[Date "2000.10.10"]
[Round "3"]
[White "Cattaneo, Dario"]
[Black "Ranfagni, Stefano"]
[Result "0-1"]
[WhiteElo "1420"]
[BlackElo "1585"]
[PlyCount "76"]
[EventDate "2000.09.26"]

1. d4 e6 2. c4 Nf6 3. Nc3 Bb4 4. Nf3 b6 5. e3 Bb7 6. Bd3 d6 7. O-O Bxc3 8. bxc3
Nbd7 9. Re1 c5 10. e4 e5 11. Bg5 h6 12. Bh4 g5 13. Bg3 Qe7 14. Qc2 O-O-O 15. a4
a5 16. h3 Rdg8 17. Nh2 h5 18. Nf1 g4 19. h4 Nh7 20. dxc5 dxc5 21. Ne3 Nhf8 22.
Rab1 Ng6 23. Nf5 Qf6 24. Qd2 Ne7 25. Ne3 Qc6 26. Nd5 Nxd5 27. cxd5 Qd6 28. Qe2
Kc7 29. Ba6 Bxa6 30. Qxa6 Ra8 31. Qb5 f6 32. Qf1 Rhg8 33. Rb3 Nb8 34. Re3 Kb7
35. f4 gxf3 36. Rxf3 Nd7 37. Rf5 Rxg3 38. Rxh5 Rag8 0-1

[Event "C.to Provinciale BG"]
[Site "Bergamo ITA"]
[Date "2000.10.10"]
[Round "3"]
[White "Cordano, Roberto"]
[Black "Elsido, Massimo"]
[Result "1-0"]
[WhiteElo "1600"]
[BlackElo "1603"]
[PlyCount "103"]
[EventDate "2000.09.26"]

1. e4 e5 2. Nf3 Nc6 3. d4 exd4 4. Bc4 Be7 5. O-O Nf6 6. e5 Ng4 7. Bf4 O-O 8. h3
Nh6 9. Bxh6 gxh6 10. c3 d5 11. Bb5 f6 12. Bxc6 bxc6 13. Nxd4 fxe5 14. Nxc6 Qd6
15. Qxd5+ Be6 16. Nxe7+ Qxe7 17. Qxe5 Rf5 18. Qe4 Raf8 19. Nd2 Qd7 20. Qe3 Rg5
21. Kh2 Bd5 22. Ne4 Bxe4 23. Qxe4 Qd6+ 24. Kg1 Qd7 25. Qc4+ Rf7 26. f4 Rg3 27.
Kh2 Rd3 28. Rae1 Kf8 29. Qb4+ Kg8 30. Qb8+ Rf8 31. Qxa7 Kh8 32. Qc5 Rg8 33.
Qe5+ Qg7 34. Qxg7+ Kxg7 35. Rd1 Rgd8 36. Rxd3 Rxd3 37. a4 Rd2 38. Rb1 c5 39. b4
Rd3 40. bxc5 Rxc3 41. Rb5 Rc4 42. a5 Kf6 43. c6 Ke6 44. Rb6 Kd6 45. f5 Rc5 46.
a6 Rxf5 47. c7+ Kxc7 48. Rxh6 Rf7 49. g4 Kd8 50. Kg3 Ke8 51. Rb6 Ra7 52. Rb8+
1-0

[Event "C.to Provinciale BG"]
[Site "Bergamo ITA"]
[Date "2000.10.10"]
[Round "3"]
[White "Del Monte, Jorge Luis"]
[Black "Rizzuti, Pasquale"]
[Result "1-0"]
[WhiteElo "1878"]
[BlackElo "1708"]
[PlyCount "57"]
[EventDate "2000.09.26"]

1. e4 c5 2. Nf3 e6 3. d4 cxd4 4. Nxd4 Nf6 5. Nc3 d6 6. Be2 a6 7. O-O Be7 8. Be3
Nc6 9. f4 Qc7 10. Qe1 Nxd4 11. Bxd4 e5 12. fxe5 dxe5 13. Qg3 Bd6 14. Rxf6 gxf6
15. Nd5 Qc6 16. Qg7 exd4 17. Qxh8+ Bf8 18. Nxf6+ Ke7 19. Nd5+ Ke8 20. Qe5+ Be6
21. Nc7+ Kd8 22. Nxa8 Bd6 23. Qa5+ Ke7 24. Nb6 Qxe4 25. Qg5+ Kf8 26. Qd8+ Kg7
27. Qxd6 Qxe2 28. Qxd4+ f6 29. Rf1 1-0